Από τον Έκκαρδον μέχρι των ημερών μας : φιλοσοφικαί σημειώσεις

Αποθηκεύτηκε σε:
Λεπτομέρειες βιβλιογραφικής εγγραφής
Κύριος συγγραφέας: Σπηλιωτόπουλος, Αντώνιος Επαμεινώνδα, 1934-
Μορφή: Βιβλίο
Γλώσσα:Greek
Δημοσίευση: Αθήνα : [χ.ό.], 1989
Θέματα:
Ετικέτες: Προσθήκη ετικέτας
Δεν υπάρχουν, Καταχωρήστε ετικέτα πρώτοι!

MARC

LEADER 00000cam a2200000 i 4500
001 1/79915
008 950623s1989 gre d
035 |a 1996  |b 2  |c Δωρεά  |l 10033305 
040 |a GR-MY-UA  |b gre  |e aacr 
041 0 |a gre 
082 0 |a 109 
100 1 |a Σπηλιωτόπουλος, Αντώνιος Επαμεινώνδα,   |d 1934- 
245 1 0 |a Από τον Έκκαρδον μέχρι των ημερών μας :  |b φιλοσοφικαί σημειώσεις /  |c Αντωνίου Επαμεινώνδα Σπηλιωτόπουλου 
260 |a Αθήνα :   |b [χ.ό.],   |c 1989 
300 |a 23 σ. 
650 0 0 |a Christianity  |x Philosophy. 
852 |a INST  |b LESVOS  |e 19950623  |h 109 ΣΠΗ  |p 005100008524  |q 005100008524  |t BK  |y 0 
852 |a INST  |b LESVOS  |e 19950623  |h 109 ΣΠΗ  |p 005100008525  |q 005100008525  |t BK  |y 0 
852 |a INST  |b LESVOS  |e 19950623  |h 109 ΣΠΗ  |p 005100008526  |q 005100008526  |t BK  |y 0 
852 |a INST  |b LESVOS  |e 19950623  |h 109 ΣΠΗ  |p 005100008527  |q 005100008527  |t BK  |y 0 
852 |a INST  |b RHODES  |e 19970224  |h 109 ΣΠΗ  |p 005400010419  |q 005400010419  |t BK  |y 0 
909 |a Ρ  |b 028012  |c 1996 
909 |a Λ  |b 015971 
909 |a Λ  |b 015972 
909 |a Λ  |b 015973 
909 |a Λ  |b 015974 
970 |a ΑΙΒΑΤΖΙΔΟΥ  |b ΕΛΕΝΗ  |z 2000/01/25